Yalḳuṭ Sharet : (Record no. 32209)
[ view plain ]
| 000 -LEADER | |
|---|---|
| fixed length control field | 00883cam a22002411 4500 |
| 001 - CONTROL NUMBER | |
| control field | he 67000466 |
| 003 - CONTROL NUMBER IDENTIFIER | |
| control field | DLC |
| 005 - DATE AND TIME OF LATEST TRANSACTION | |
| control field | 20260227111444.0 |
| 008 - FIXED-LENGTH DATA ELEMENTS--GENERAL INFORMATION | |
| fixed length control field | 841015s1966 is 000 0 heb |
| 010 ## - LIBRARY OF CONGRESS CONTROL NUMBER | |
| LC control number | he 67000466 |
| 035 ## - SYSTEM CONTROL NUMBER | |
| System control number | (OCoLC)19208507 |
| 040 ## - CATALOGING SOURCE | |
| Original cataloging agency | DLC |
| Transcribing agency | MH |
| Modifying agency | DLC |
| 042 ## - AUTHENTICATION CODE | |
| Authentication code | premarc |
| 050 00 - LIBRARY OF CONGRESS CALL NUMBER | |
| Classification number | DS126.6.S4 |
| Item number | I8 |
| 110 1# - MAIN ENTRY--CORPORATE NAME | |
| Corporate name or jurisdiction name as entry element | Israel. |
| Subordinate unit | Miśrad ha-ḥinukh ṿeha-tarbut. |
| 245 10 - TITLE STATEMENT | |
| Title | Yalḳuṭ Sharet : |
| Remainder of title | ḥomar ʻezer li-sheʻat ha-meḥanekh. |
| 260 ## - PUBLICATION, DISTRIBUTION, ETC. | |
| Place of publication, distribution, etc. | Jerusalem : |
| Name of publisher, distributor, etc. | Miśrad ha-ḥinukh ṿeha-tarbut, ha-Yeḥidah le-ḥinukh ḥevrati be-vate ha-sefer ha-ʻal yesodiyim, : |
| -- | ha-Histadrut ha-Tsiyonit ha-ʻolamit, Maḥleḳet ha-hasbarah, |
| Date of publication, distribution, etc. | 726 [1966] |
| 300 ## - PHYSICAL DESCRIPTION | |
| Extent | 39 p. ; |
| Dimensions | 24 cm. |
| 500 ## - GENERAL NOTE | |
| General note | Cover title. |
| 600 10 - SUBJECT ADDED ENTRY--PERSONAL NAME | |
| Personal name | Sharett, Moshe, |
| Dates associated with a name | 1894-1965. |
| 710 2# - ADDED ENTRY--CORPORATE NAME | |
| Corporate name or jurisdiction name as entry element | World Zionist Organization. |
| Subordinate unit | Information Department. |
| 752 ## - ADDED ENTRY--HIERARCHICAL PLACE NAME | |
| Country or larger entity | Israel |
| City | Jerusalem |
No items available.